000 00664nam a2200265Ia 4500
005 20260121170405.0
008 008 260114s9999 xx 000 0 eng d
020 _a9781137569882
037 _aEBOOK
040 _aCRL
040 _beng
040 _cCRL
041 _2eng
041 _aeng
084 _qCRL
100 _aErika Altmann, Michelle Gabriel
_91063306
245 0 _aMulti-Owned Property in the Asia-Pacific Region
260 _bSpringer
260 _bSpringer
260 _c2018
856 _uhttps://link.springer.com/openurl?genre=book&isbn=978-1-137-56988-2
942 _cEBOOK
999 _c1629035
_d1629035